[Event "Campalto CIS 54th Serie C12"]
[Site "Campalto"]
[Date "2023.05.21"]
[Round "5.1"]
[White "Mileto, Gabriele"]
[Black "Casarin, Francesco"]
[Result "1-0"]
[WhiteElo "2092"]
[BlackElo "1608"]
[PlyCount "144"]
[EventDate "2023.05.19"]
[EventType "team-tourn"]
[EventRounds "5"]
[EventCountry "ITA"]
[SourceTitle "EXT 2024"]
[Source "ChessBase"]
[SourceDate "2023.10.10"]
[SourceVersion "1"]
[SourceVersionDate "2023.10.10"]
[SourceQuality "1"]
[WhiteTeam "Campalto Zichichi"]
[BlackTeam "Mestre Capa Boys"]
[WhiteTeamCountry "ITA"]
[BlackTeamCountry "ITA"]

1. d4 Nf6 2. c4 e6 3. Nc3 d5 4. Nf3 dxc4 5. e3 a6 6. a4 c5 7. Bxc4 Nc6 8. 0-0 cxd4 9. exd4 Be7 10. Bg5 0-0 11. Re1 h6 12. Bh4 Qb6 13. Qd2 Na5 14. Ba2 Nb3 15. Bxb3 Qxb3 16. Ne5 Nd5 17. Bxe7 Nxe7 18. Rad1 Nd5 19. Nxd5 Qxd5 20. Qb4 b5 21. Qc5 Bb7 22. Qxd5 Bxd5 23. Nd7 Rfd8 24. Nb6 Bb3 25. Rd3 Bc4 26. Rd2 Rab8 27. a5 Rd6 28. Rc1 Rbd8 29. Nxc4 bxc4 30. Rxc4 e5 31. Kf1 exd4 32. Ke2 f5 33. Kd3 Kf7 34. Rdc2 g5 35. Rc7+ Ke6 36. Rb7 Kd5 37. b4 Re8 38. Rc5+ Ke6 39. Rb6 Red8 40. Rcc6 Rxc6 41. Rxc6+ Kd5 42. Rxa6 Rc8 43. Rb6 Rc3+ 44. Kd2 Ra3 45. a6 Kc4 46. b5 Ra2+ 47. Kc1 d3 48. Rb7 Ra1+ 49. Kd2 Ra2+ 50. Ke3 f4+ 51. Kf3 g4+ 52. Kxg4 d2 53. Rd7 Kxb5 54. a7 Rxa7 55. Rxd2 Rg7+ 56. Kf3 Kc5 57. Rd8 Rf7 58. Rd1 Rf6 59. Rd3 Kc4 60. Rd1 Kc5 61. h3 Kc4 62. Re1 Kd5 63. Re4 Ra6 64. Rxf4 Ke5 65. Rf8 Ra3+ 66. Kg4 Ra4+ 67. Kh5 Ra6 68. g4 Re6 69. h4 Kd6 70. g5 hxg5 71. hxg5 Ke7 72. Rf3 Re1 1-0

[Event "Campalto CIS 54th Serie C12"]
[Site "Campalto"]
[Date "2023.05.20"]
[Round "3.1"]
[White "Bertaglia, Luca"]
[Black "Casarin, Francesco"]
[Result "1-0"]
[WhiteElo "2033"]
[BlackElo "1608"]
[PlyCount "147"]
[EventDate "2023.05.19"]
[EventType "team-tourn"]
[EventRounds "5"]
[EventCountry "ITA"]
[SourceTitle "EXT 2024"]
[Source "ChessBase"]
[SourceDate "2023.10.10"]
[SourceVersion "1"]
[SourceVersionDate "2023.10.10"]
[SourceQuality "1"]
[WhiteTeam "Venice Canal"]
[BlackTeam "Mestre Capa Boys"]
[WhiteTeamCountry "ITA"]
[BlackTeamCountry "ITA"]

1. d4 Nf6 2. Nf3 d5 3. g3 e6 4. Bg2 c5 5. 0-0 cxd4 6. Nxd4 e5 7. Nb3 Be7 8. Bg5 Nbd7 9. Nc3 d4 10. Bxf6 Nxf6 11. Ne4 Nxe4 12. Bxe4 f5 13. Bg2 a5 14. Qd3 0-0 15. Qb5 Qc7 16. a4 Be6 17. Qxb7 Qxb7 18. Bxb7 Rab8 19. Ba6 Bxb3 20. cxb3 Rf6 21. Bb5 Kf8 22. Rac1 Bd6 23. Rc6 Ke7 24. Rfc1 Rff8 25. Kf1 h6 26. Ke1 Rfd8 27. Kd1 Ra8 28. h4 Rab8 29. h5 Ra8 30. Rb6 Rab8 31. Rcc6 Rxb6 32. Rxb6 Rc8 33. Ra6 Bb4 34. Ra7+ Kf6 35. Bc4 Rf8 36. Ra6+ Kg5 37. Rg6+ Kxh5 38. Rxg7 f4 39. Bf7+ Rxf7 40. Rxf7 fxg3 41. fxg3 Kg4 42. Rg7+ Kf5 43. Rg8 h5 44. Kc2 e4 45. Rb8 Be1 46. Rg8 Bb4 47. Rg7 Bd6 48. Kd1 d3 49. exd3 exd3 50. Kd2 Ke4 51. Rg5 Bb4+ 52. Kd1 Kf3 53. Rxh5 Kxg3 54. Rd5 Kf4 55. Rxd3 Ke5 56. Rd8 Ke4 57. Kc2 Ke3 58. Rd5 Ke4 59. Rd3 Be1 60. Rd7 Bb4 61. Kd1 Ke3 62. Rd5 Ke4 63. Rb5 Kd4 64. Ke2 Ke4 65. Rb7 Kd4 66. Rc7 Ke4 67. Rc4+ Kd5 68. Kd3 Be1 69. Rg4 Kc6 70. Kc4 Bd2 71. Rg6+ Kb7 72. Kb5 Be1 73. Ra6 Bd2 74. Rxa5 1-0

[Event "Venice Province-ch 82nd"]
[Site "Mestre"]
[Date "2023.01.29"]
[Round "4.7"]
[White "Casarin, Francesco"]
[Black "Gaggio, Giacomo"]
[Result "1-0"]
[WhiteElo "1619"]
[BlackElo "1254"]
[PlyCount "67"]
[EventDate "2023.01.27"]
[EventType "swiss"]
[EventRounds "5"]
[EventCountry "ITA"]
[SourceTitle "EXT 2024"]
[Source "ChessBase"]
[SourceDate "2023.10.10"]
[SourceVersion "1"]
[SourceVersionDate "2023.10.10"]
[SourceQuality "1"]

1. Nf3 d5 2. c4 e6 3. g3 Nf6 4. Bg2 Be7 5. 0-0 c6 6. b3 0-0 7. Bb2 Qb6 8. d3 dxc4 9. dxc4 Rd8 10. Qc2 Na6 11. Nbd2 h6 12. Rad1 Bd7 13. e4 Nc7 14. e5 Nh7 15. h4 a5 16. Ne4 a4 17. Rd2 axb3 18. axb3 c5 19. Rfd1 Bc6 20. Nd6 Na6 21. Qc3 Nb4 22. Qe3 Bxd6 23. exd6 Rd7 24. Ne5 Bxg2 25. Nxd7 Qd8 26. Kxg2 Qxd7 27. Qxc5 Nc6 28. b4 Rc8 29. Qb5 Nf8 30. c5 e5 31. Qc4 Ne6 32. Re1 f6 33. f4 Re8 34. f5 1-0